00641nam a22002057a 450000500170000001000130001702000220003003500130005203700160006504000120008108200160009310000180010924501030012726000360023027000590026630000210032550000490034665000120039565000280040720170124110101.0 aA-680533 c00.00a8171546960 aA-680533 bCen Lib/Ret aDPLbEN a954.01bKAN aKantak, M. R. aThe first anglo-maratha war :cby M. R. Kantakb1774-1783 : a military study of major battles / aBombaybPopular Prakashanc1993 a35-C, Pandit Madan Mohan Malaviya MargbBombaye400034 a250p. c20cm(Hb) aIncludes bibliographical reference and index aMaratha aMaratha War (1775-1782)